Building Bridges II Quiz Stats

 Plays Quiz Updated Apr 3, 2020

Support Sporcle.
Go Orange.
Score 0/30 Timer 06:00
2 Plays Today
% Correct
???
77.6%
???
76.6%
???
69.9%
???
69.4%
???
61.8%
???
61.7%
???
61.5%
???
60.1%
???
59.9%
???
57.7%
???
57.2%
???
56.3%
???
55.6%
???
54.3%
???
52.8%
% Correct
???
52.7%
???
52.7%
???
51.1%
???
51.1%
???
50.6%
???
49.8%
???
48.2%
???
47.6%
???
46.8%
???
46.5%
???
46.5%
???
46.3%
???
46%
???
44.2%
???
42.7%

From the Vault

What Movie? Actors' Movies by Sport

by Larryholmes79

Movies 8m
Boy there sure were a lot of montages in these movies.
Remove Ads.
Support Sporcle.
Get the best of Sporcle when you Go Orange. This ad-free experience offers more features, more stats, and more fun while also helping to support Sporcle. Thank you for becoming a member.

Show Comments

Extras

Top Quizzes Today


Score Distribution

Your Account Isn't Verified!

In order to create a playlist on Sporcle, you need to verify the email address you used during registration. Go to your Sporcle Settings to finish the process.

Report this User

Report this user for behavior that violates our Community Guidelines.

Details: